000 00467nam a2200169Ia 4500
001 14610
003 IN-NITTTR
005 20251114233137.0
008 251113s9999||||xx |||||||||||||| ||eng||
040 _beng
040 _cIN-NITTTR
041 _aeng
082 _a658.403 G239D
100 _aGautam, Vinayshil
245 0 _aDecision making and development :
_b papers and probings in the systems of management anthropology /
_cGautam, Vinayshil
942 _2ddc
_cBK
999 _c17246
_d17246